<?xml version="1.0" encoding="UTF-8"?><?xml-stylesheet type="text/xsl" href="static/style.xsl"?><OAI-PMH xmlns="http://www.openarchives.org/OAI/2.0/" xmlns:xsi="http://www.w3.org/2001/XMLSchema-instance" xsi:schemaLocation="http://www.openarchives.org/OAI/2.0/ http://www.openarchives.org/OAI/2.0/OAI-PMH.xsd"><responseDate>2026-06-01T05:08:40Z</responseDate><request verb="GetRecord" identifier="oai:riuma.uma.es:10630/17832" metadataPrefix="marc">https://riuma.uma.es/rest/oai/request</request><GetRecord><record><header><identifier>oai:riuma.uma.es:10630/17832</identifier><datestamp>2026-02-03T12:23:32Z</datestamp><setSpec>com_10630_2254</setSpec><setSpec>col_10630_37959</setSpec></header><metadata><record xmlns="http://www.loc.gov/MARC21/slim" xmlns:dcterms="http://purl.org/dc/terms/" xmlns:doc="http://www.lyncode.com/xoai" xmlns:xsi="http://www.w3.org/2001/XMLSchema-instance" xsi:schemaLocation="http://www.loc.gov/MARC21/slim http://www.loc.gov/standards/marcxml/schema/MARC21slim.xsd">
   <leader>00925njm 22002777a 4500</leader>
   <datafield ind2=" " ind1=" " tag="042">
      <subfield code="a">dc</subfield>
   </datafield>
   <datafield ind2=" " ind1=" " tag="720">
      <subfield code="a">Doña Fernández, Jesús María</subfield>
      <subfield code="e">author</subfield>
   </datafield>
   <datafield ind2=" " ind1=" " tag="720">
      <subfield code="a">Cañete-Hidalgo, Sergio Andrés</subfield>
      <subfield code="e">author</subfield>
   </datafield>
   <datafield ind2=" " ind1=" " tag="720">
      <subfield code="a">Pastor-Vega, José Manuel</subfield>
      <subfield code="e">author</subfield>
   </datafield>
   <datafield ind2=" " ind1=" " tag="720">
      <subfield code="a">Pérez-Martínez, Manuel</subfield>
      <subfield code="e">author</subfield>
   </datafield>
   <datafield ind2=" " ind1=" " tag="720">
      <subfield code="a">De la Cruz, María Amparo</subfield>
      <subfield code="e">author</subfield>
   </datafield>
   <datafield ind2=" " ind1=" " tag="720">
      <subfield code="a">Pola, Aurora</subfield>
      <subfield code="e">author</subfield>
   </datafield>
   <datafield ind2=" " ind1=" " tag="720">
      <subfield code="a">Ruiz-Cruces, Rafael</subfield>
      <subfield code="e">author</subfield>
   </datafield>
   <datafield ind2=" " ind1=" " tag="260">
      <subfield code="c">2019-06-18</subfield>
   </datafield>
   <datafield ind2=" " ind1=" " tag="520">
      <subfield code="a">La radiología y radiofísica han sabido dar un paso diferencial respecto otras ramas de&#xd;
conocimiento definiendo, prácticamente desde la introducción de la tomografía&#xd;
computerizada, el estándar de almacenamiento de información DICOM (Digital&#xd;
Imaging and Communication in Medicine) que facilita la accesibilidad a un conjunto&#xd;
común y estructurado de datos a nivel mundial que no existe en ningún otro ámbito.&#xd;
La información contenida en los sistemas de registro dosimétricos son clave a la hora&#xd;
de analizar y obtener resultados fiables que deben permitir reducir la incertidumbre&#xd;
estadística y posibilitar la aplicación de metodologías y técnicas de tratamiento de la&#xd;
información como la minería de datos y el análisis de BigData con inteligencia&#xd;
artificial.&#xd;
En la actualidad DICOM permite la transmisión, tratamiento e impresión de archivos&#xd;
de imágenes biomédicas con un informe completo, incluyendo información del&#xd;
paciente, del estudio realizado e incluso del equipo radiológico y magnitudes&#xd;
dosimétricas.</subfield>
   </datafield>
   <datafield ind1="8" ind2=" " tag="024">
      <subfield code="a">https://hdl.handle.net/10630/17832</subfield>
   </datafield>
   <datafield tag="653" ind2=" " ind1=" ">
      <subfield code="a">Radiología</subfield>
   </datafield>
   <datafield tag="653" ind2=" " ind1=" ">
      <subfield code="a">Congresos y conferencias</subfield>
   </datafield>
   <datafield ind2="0" ind1="0" tag="245">
      <subfield code="a">DICOM y sistema de registro en radiología: propuestas de mejora</subfield>
   </datafield>
</record>
</metadata></record></GetRecord></OAI-PMH>